000 00897nam a2200181Ia 4500
008 151018s9999 xx 000 0 und d
082 _bRBASDV61784
_a352
100 _aसुधीर पाल
245 _aआदिवासीयों की पारंपरिक स्वशासन व्यवस्था एवं पंचायती राज
250 _b1
260 _bआकृती प्रकाशन
_c2009
300 _a104
600 _aसुधीर पाल
630 _aआदिवासीयों की पारंपरिक स्वशासन व्यवस्था एवं पंचायती राज
700 _aसुधीर पाल
730 _aआदिवासीयों की पारंपरिक स्वशासन व्यवस्था एवं पंचायती राज
942 _cBOOK
999 _c1055033
_d1055030